1800 1254 1285 1251 1057 1985 1633 1436 1282 1029 1853 1845 1457 1063 1553 1601 1906 1348 1844 1633 1522 1763 1667 1198 1896 1353 1527 1438 1039 1253 1149 1945 1709 1245 1892 1454 1495 1567 1416 1111 1994 1060 1663 1504 2000 1295 1612 1203 1532 1874 1325 1837 1545 1983 1169 1273 1559 1683 1831 1925 1944 1979 1459 1876 1630 1414 1077 1776 1654 1583 1851 1986 1188 1631 1855 1850 1775 1354 1010 1224 1980 1595 1888 1679 1128 1364 1117 1388 1017 1326 1575 1671 1005 1583 1254 1656 1445 1290 1622 BCNSPRNW ULIB Ver.6.0+V

เปลี่ยนเป็นภาษาไทย

Change to English
 แสดงรายละเอียดบรรณานุกรม
  กลับหน้าหลัก

Brief Record : Get Marc (ISO 2709) : E-mail record : QR code < ปิดหน้าต่าง
LEADER : 00000nam 2200000uu 4500
001    13399124351
003     ULIB
008    150512s2557||||th 000 0 tha d
020    ^a9786163746979
060  4 ^aWQ240^bท478น
100 0  ^aทิพวรรณ เลียบสื่อตระกูล
245 10 ^aแนวคิด หลักการ และการปฏิบัติ:ความปลอดภัยของการตั้งครรภ์ /^cทิพวรรณ เลียบสื่อตระกูล
260    ^aกรุงเทพฯ:^bสหมิตรพัฒนาการพิมพ์,^c2557
300    ^a382 หน้า: ^bภาพประกอบ,^c29 ซม.
650  7 ^aสูติศาสตร์^xการรักษา
650  7 ^aสูติศาสตร์^xการวินิจฉัย
650  7 ^aการตั้งครรภ์
650  7 ^aครรภ์^xการดูแล
945    ^p600^l0^i039420
945    ^p600^l0^i039421
945    ^p600^l0^i000610
945    ^p600^l0^i000611
945    ^p600^l0^i000612
945    ^p600^l0^i000613
945    ^p600^l0^i000614
999    ^aเกษร โพธิ์สุวรรณ
รายการนี้ยังไม่มีแท็ก
คุณยังไม่ได้ล็อกอิน คุณสามารถมีกิจกรรมร่วมกับเว็บไซต์ได้ แต่ต้องล็อกอินก่อน ::
  ล็อกอิน

รายการสื่อสารสนเทศ

ลำดับที่ ประเภท เลขเรียก/บาร์โค้ด สถานที่ สถานะ
1. วิทยาศาสตร์การแพทย์ และสุขภาพ
วิทยาศาสตร์การแพทย์ และสุขภาพ
สถานะ=หนังสือเก่า
WQ240 ท478น ฉ.1 
  Barcode: 039420
ห้องสมุดวิทยาเขตสวรรค์ประชารักษ์
►ส่วนจัดเก็บหนังสือเก่า สปร
บนชั้น
  ขอยืม
2. วิทยาศาสตร์การแพทย์ และสุขภาพ
วิทยาศาสตร์การแพทย์ และสุขภาพ
สถานะ=หนังสือเก่า
WQ240 ท478น ฉ.2 
  Barcode: 039421
ห้องสมุดวิทยาเขตสวรรค์ประชารักษ์
►ส่วนจัดเก็บหนังสือเก่า สปร
บนชั้น
  ขอยืม
3. วิทยาศาสตร์การแพทย์ และสุขภาพ
วิทยาศาสตร์การแพทย์ และสุขภาพ
สถานะ=หนังสือเก่า
WQ240 ท478น ฉ.3 
  Barcode: 000610
ห้องสมุดวิทยาเขตสวรรค์ประชารักษ์
►ส่วนจัดเก็บหนังสือเก่า สปร
บนชั้น
  ขอยืม
4. วิทยาศาสตร์การแพทย์ และสุขภาพ
วิทยาศาสตร์การแพทย์ และสุขภาพ
สถานะ=หนังสือเก่า
WQ240 ท478น ฉ.4 
  Barcode: 000611
ห้องสมุดวิทยาเขตสวรรค์ประชารักษ์
►ส่วนจัดเก็บหนังสือเก่า สปร
บนชั้น
  ขอยืม
5. วิทยาศาสตร์การแพทย์ และสุขภาพ
วิทยาศาสตร์การแพทย์ และสุขภาพ
สถานะ=หนังสือเก่า
WQ240 ท478น ฉ.5 
  Barcode: 000612
ห้องสมุดวิทยาเขตสวรรค์ประชารักษ์
►ส่วนจัดเก็บหนังสือเก่า สปร
บนชั้น
  ขอยืม
6. วิทยาศาสตร์การแพทย์ และสุขภาพ
วิทยาศาสตร์การแพทย์ และสุขภาพ
สถานะ=หนังสือเก่า
WQ240 ท478น ฉ.6 
  Barcode: 000613
ห้องสมุดวิทยาเขตสวรรค์ประชารักษ์
►ส่วนจัดเก็บหนังสือเก่า สปร
บนชั้น
  ขอยืม
7. วิทยาศาสตร์การแพทย์ และสุขภาพ
วิทยาศาสตร์การแพทย์ และสุขภาพ
สถานะ=หนังสือเก่า
WQ240 ท478น ฉ.7 
  Barcode: 000614
ห้องสมุดวิทยาเขตสวรรค์ประชารักษ์
►ส่วนจัดเก็บหนังสือเก่า สปร
บนชั้น
  ขอยืม

รายการใกล้เคียง
    หัวเรื่อง [การตั้งครรภ์]

BibComment


ยังไม่เคยถูกคอมเมนท์

คอมเมนท์ทรัพยากรรายการนี้
  คอมเมนท์: แนวคิด หลักการ แ..


 Copyright 2026. Bcnsprnw @Library